A study of impact of fee based policies of Banks on their profitability and customer behavior / (Record no. 27038)
[ view plain ]
| 000 -LEADER | |
|---|---|
| fixed length control field | 00605nam a2200169Ia 4500 |
| 041 ## - LANGUAGE CODE | |
| Language code of text/sound track or separate title | English |
| 082 ## - DEWEY DECIMAL CLASSIFICATION NUMBER | |
| Classification number | RL.0046 |
| 100 ## - MAIN ENTRY--AUTHOR NAME | |
| Personal name | Laturkar, Vani N. |
| Affiliation | School of Commerce and Management Sciences, S.R.T.M. University |
| Place | Nanded, Maharashtra |
| 245 #2 - TITLE STATEMENT | |
| Title | A study of impact of fee based policies of Banks on their profitability and customer behavior / |
| Statement of responsibility, etc | Vani N. Laturkar |
| 260 ## - PUBLICATION, DISTRIBUTION, ETC. (IMPRINT) | |
| Place of publication | New Delhi : |
| Name of publisher/Sponsor | Indian Council of Social Science Research, |
| Year of publication | 2015 |
| 300 ## - PHYSICAL DESCRIPTION | |
| Number of Pages | 255p |
| 536 ## - FUNDING INFORMATION NOTE | |
| Funding Agency | ICSSR |
| 650 ## - SUBJECT ADDED ENTRY--TOPICAL TERM | |
| Topical Term | Banks and Banking |
| 650 ## - SUBJECT ADDED ENTRY--TOPICAL TERM | |
| Topical Term | Customer services |
| 650 ## - SUBJECT ADDED ENTRY--TOPICAL TERM | |
| Topical Term | Bank service charges |
| 942 ## - ADDED ENTRY ELEMENTS (KOHA) | |
| Source of classification or shelving scheme | Dewey Decimal Classification |
| Koha item type | Books |
| Withdrawn status | Lost status | Damaged status | Not for loan | Collection code | Home library | Current library | Date acquired | Source of acquisition | Full call number | Accession Number | Price effective from | Koha item type |
|---|---|---|---|---|---|---|---|---|---|---|---|---|
| Not For Loan | Major Research Project Reports | NASSDOC Library | NASSDOC Library | 16/11/2021 | Gifted by: RP Division ICSSR | RL.0046 | 51670 | 14/12/2021 | Research Reports |
